|
|
|
|
| LEADER |
00850nab#a2200313#ar4500 |
| 001 |
000035546 |
| 003 |
SVKKK |
| 005 |
00000000000000.0 |
| 008 |
c xo e sloo |
| FMT |
|
|
|
| 038 |
|
|
|a SVKKK
|
| 040 |
|
|
|a SVKKK
|b slo
|e AACR2
|
| 041 |
0 |
|
|a slo
|
| 044 |
|
|
|a xo
|c SK
|
| 080 |
|
|
|a 351.754.
|2 1981
|
| 080 |
|
|
|a 352.075.
|2 1981
|
| 100 |
1 |
|
|a Konček, Dušan
|4 aut
|
| 245 |
1 |
0 |
|a Pre nich neplatí zákon o konkurze?
|c Konček Dušan,
|
| 650 |
0 |
4 |
|a Ekothermal, Košice
|
| 650 |
0 |
4 |
|a služby technické čistiace
|
| 650 |
0 |
4 |
|a spalovňa
|x prenájom
|x magistrát mesta Košice
|x zmluva nevýhodná
|x postrehy kritické
|x informácie
|
| 773 |
0 |
|
|t Nový deň
|g Roč. 2, č. 15(2000), dát. 0120, s. 20
|
| 957 |
|
|
|a Košice
|
| 958 |
|
|
|a KE
|
| 974 |
|
|
|d 010108
|a SAB
|
| 992 |
|
|
|a RBX
|
| BAS |
|
|
|
| 852 |
|
|
|a SVKKK
|b BIB
|
| 998 |
|
|
|a REG
|